Loading...
| Fine Arts - Classical Music | 7 | 11.43 | 86% | 29% | 0% |
| Fine Arts - Other Fine Arts | 4 | 12.50 | 100% | 25% | 0% |
| Fine Arts - Visual Fine Arts | 3 | 13.33 | 100% | 33% | 0% |
| Geography/Current Events | 1 | 30.00 | 100% | 100% | 100% |
| History - American History | 6 | 13.33 | 100% | 33% | 0% |
| History - European History | 6 | 11.67 | 83% | 33% | 0% |
| History - Other History | 5 | 18.00 | 80% | 60% | 40% |
| History - World History | 7 | 15.71 | 100% | 57% | 0% |
| Literature - American Literature | 6 | 13.33 | 100% | 33% | 0% |
| Literature - British Literature | 7 | 14.29 | 100% | 43% | 0% |
| Literature - European Literature | 6 | 16.67 | 100% | 67% | 0% |
| Literature - World/Other Literature | 5 | 12.00 | 100% | 20% | 0% |
| Mythology | 5 | 16.00 | 100% | 20% | 40% |
| Other Academic | 3 | 16.67 | 100% | 67% | 0% |
| Philosophy | 6 | 11.67 | 100% | 17% | 0% |
| Pop Culture | 1 | 30.00 | 100% | 100% | 100% |
| Religion | 6 | 10.00 | 83% | 0% | 17% |
| Science - Biology | 6 | 16.67 | 50% | 67% | 50% |
| Science - Chemistry | 6 | 20.00 | 100% | 67% | 33% |
| Science - Other Science | 8 | 17.50 | 100% | 75% | 0% |
| Science - Physics | 6 | 21.67 | 100% | 100% | 17% |
| Social Science | 8 | 23.75 | 175% | 50% | 13% |